Science Quiz

Random Science or Discovery Quiz

Famous Engineers (Slideshow) Quiz Stats

 Plays Quiz not verified by Sporcle

Support Sporcle.
Go Orange.
Score 0/28 Timer 10:00
0 Plays Today
% Correct
Gustave Eiffel
87.5%
Nikola Tesla
84.1%
Archimedes
70.8%
James Watt
67.2%
Steve Wozniak
64.7%
Guglielmo Marconi
54.6%
Rudolf Diesel
45.7%
Wernher von Braun
45%
Igor Sikorsky
39.3%
Isambard Kingdom Brunel
35.1%
Charles Babbage
34.6%
Henry Darcy
30.8%
Hedy Lamarr
27.4%
George Stephenson
26.8%
% Correct
Robert Fulton
25.3%
Henry Bessemer
24.9%
Seymour Cray
23.7%
Willis Carrier
23.3%
Linus Torvalds
21.2%
Robert Goddard
20.9%
John Logie Baird
18.6%
Grace Hopper
17.6%
John A. Roebling
11.3%
Oliver Heaviside
8.7%
John Bardeen
8.3%
Fazlur Rahman Khan
6.7%
John Ericsson
6.3%
George Washington Goethals
4.9%

You're not logged in!

Compare scores with friends on all Sporcle quizzes.
OR
Log In

From the Vault

3 TV Shows, 1 Thing In Common III

by Ricky490

It's something in common besides the fact that they were all on TV, right?
Remove Ads.
Support Sporcle.
Get the best of Sporcle when you Go Orange. This ad-free experience offers more features, more stats, and more fun while also helping to support Sporcle. Thank you for becoming a member.

Show Comments

Extras

Top Quizzes Today


Score Distribution

Your Account Isn't Verified!

In order to create a playlist on Sporcle, you need to verify the email address you used during registration. Go to your Sporcle Settings to finish the process.

Report this User

Report this user for behavior that violates our Community Guidelines.

Details: